Land vs. Land #25 - Statistiken

Allgemein
  • Dieses Quiz wurde 32 mal gespielt
  • Das Durchschnittsergebnis liegt bei 10 aus 14
Antwortstatistiken
Frage Antwort % Korrekt
...Tourismus? Malediven🇲🇻
100%
...Bruttoinlandsprodukt pro Kopf? Malediven🇲🇻
90%
...Happy Planet Index? Malediven🇲🇻
90%
...Gewinner? Malediven🇲🇻
86%
...HDI (Human Development Index)? Malediven🇲🇻
83%
...Gesundheitswesen? Malediven🇲🇻
83%
...Lebenserwartung? Malediven🇲🇻
83%
...durchschnittlicher IQ? Malediven🇲🇻
79%
...Fläche? Lesotho🇱🇸
76%
...Einwohner? Lesotho🇱🇸
76%
...Exportmengen? Lesotho🇱🇸
66%
...Bruttoinlandsprodukt? Malediven🇲🇻
59%
...Frieden? Lesotho🇱🇸
17%
...Militär? Malediven🇲🇻
17%
Keine übereinstimmenden Quizze gefunden
Verteilung der Resultate
Anzahl Personen mit jedem Resultat
Perzentil nach korrekt beantworteten Fragen
Ihre Resultats-Entwicklung
Sie haben dieses Quiz noch nicht gespielt